000 00329nam a2200133Ia 4500
999 _c7780
_d7780
008 191201s2012 xx 000 0 und d
020 _a9788131761410
100 _aHOFFER,Jeffroy A
245 0 _aModern Systems Analysis and Design
250 _aIMP 1st
260 _c2012
_bpearson
_aNEW DELHI
300 _a544
942 _2ddc
_cBK